Democratización de la economía colombiana / (Registro nro. 5584)
[ vista simple ]
| 000 -LEADER | |
|---|---|
| fixed length control field | 01161nam a2200241Ia 4500 |
| 003 - CONTROL NUMBER IDENTIFIER | |
| control field | OSt |
| 005 - DATE AND TIME OF LATEST TRANSACTION | |
| control field | 20200616202256.0 |
| 008 - FIXED-LENGTH DATA ELEMENTS--GENERAL INFORMATION | |
| fixed length control field | 191128t1990 ck gr 000 0 spa d |
| 040 ## - CATALOGING SOURCE | |
| Original cataloging agency | CO-JMCR |
| Transcribing agency | CO-JMCR |
| 041 0# - LANGUAGE CODE | |
| Language code of text/sound track or separate title | spa |
| 082 04 - DEWEY DECIMAL CLASSIFICATION NUMBER | |
| Classification number | 330.126 / |
| Item number | V182d |
| Edition number | 23 |
| 100 1# - MAIN ENTRY--PERSONAL NAME | |
| Personal name | Vallejo Mejía, Cesar, |
| Relator term | autor |
| 9 (RLIN) | 5673 |
| 245 10 - TITLE STATEMENT | |
| Title | Democratización de la economía colombiana / |
| Statement of responsibility, etc. | Cesar Vallejo Mejía, Francisco de Roux, Luis Emiro Valencia |
| 260 ## - PUBLICATION, DISTRIBUTION, ETC. | |
| Place of publication, distribution, etc. | Bogotá : |
| Name of publisher, distributor, etc. | Programa de las Naciones Unidas para el Desarrollo : Comisión Presidencial para la Reforma de la Administración Pública del Estado Colombiano, |
| Date of publication, distribution, etc. | 1990 |
| 300 ## - PHYSICAL DESCRIPTION | |
| Extent | 97 páginas |
| Dimensions | 21 cm. |
| 505 1# - FORMATTED CONTENTS NOTE | |
| Formatted contents note | Democratización de la economía colombiana. Objetivo esencial de la intervención del Estado -- Comentario a la ponencia sobre democratización de la economía -- Comentario a la ponencia: "La intervención del Estado en la economía" |
| 650 14 - SUBJECT ADDED ENTRY--TOPICAL TERM | |
| Topical term or geographic name entry element | Economía colombiana |
| 9 (RLIN) | 5674 |
| 650 24 - SUBJECT ADDED ENTRY--TOPICAL TERM | |
| Topical term or geographic name entry element | Economía |
| General subdivision | democracia |
| 9 (RLIN) | 5675 |
| 650 24 - SUBJECT ADDED ENTRY--TOPICAL TERM | |
| Topical term or geographic name entry element | Intervención del estado |
| Geographic subdivision | Colombia |
| 9 (RLIN) | 5676 |
| 700 1# - ADDED ENTRY--PERSONAL NAME | |
| Personal name | Roux, Francisco de., |
| Relator term | autor |
| 9 (RLIN) | 5677 |
| 700 1# - ADDED ENTRY--PERSONAL NAME | |
| Personal name | Valencia, Luis Emiro, |
| Relator term | autor |
| 9 (RLIN) | 5678 |
| 942 ## - ADDED ENTRY ELEMENTS (KOHA) | |
| Source of classification or shelving scheme | Dewey Decimal Classification |
| Koha item type | Books |
| Withdrawn status | Lost status | Source of classification or shelving scheme | Materials specified (bound volume or other part) | Damaged status | Not for loan | Home library | Current library | Shelving location | Date acquired | Source of acquisition | Cost, normal purchase price | Full call number | Barcode | Date last seen | Copy number | Price effective from | Koha item type |
|---|---|---|---|---|---|---|---|---|---|---|---|---|---|---|---|---|---|
| Dewey Decimal Classification | Donación--15/04/2018-- | Biblioteca Pública José María del Castillo y Rada | Biblioteca Pública José María del Castillo y Rada | General Stacks | 11/28/2019 | Donación | 0.00 | 330.126 / V182d | 201811707 | 05/16/2024 | Ej.1 | 11/28/2019 | Books |